000 00535nam a22001697a 4500
082 _a629.892
100 _aLatif, Saira
245 _aDevelopment of a Pigeon Shape may for Surveillance /
_cSaira Latif.
260 _aIslamabad:
_bSMME - NUST,
_c2016.
300 _a40 p.: ill.;
_c30cm.
650 _aMS-Thesis.
_918721
700 _aDr. Syed Irtiza Ali
_921010
856 _uhttp://10.250.8.41:8080/xmlui/handle/123456789/38760
942 _2ddc
_cTHE
999 _c529144
_d529144